Die Schwarze Messe Teufelskult und Hexensabbath

Bibliographic Details
Main Author: Werner, Helmut, 1942- (Author)
Format: Book
Language:German
PhysicalDescription:128 s. ilustr. 23 cm
Published: Wien Tosa c2008
ISBN:9783850032599
Subjects:

MARC

LEADER 00000nam a2200000 a 4500
001 vtls010291266
003 SK-MaSNL
005 20260301031903.0
008 240314s2008 au a 000 0 ger
015 |a SNBZSA2012-00587 
020 |a 9783850032599  |q (viaz.) 
035 |a 1EE5C11B-58C6-42F5-8591-49A7639E176F 
035 |a urn:nbn:sk:snk-amkyz4 
035 |a urn:nbn:sk:snk-am008pjt 
040 |a SNK  |b slo  |c SNK  |e AACR2 
041 0 |a ger 
044 |a au  |c AT 
072 7 |a 133  |x Ezoterizmus. Okultizmus  |2 konspekt 
080 |a 133(091)  |2 2001 
080 |a 25(091)  |2 2001 
080 |a 257.22  |2 2001 
100 1 |a Werner, Helmut,  |d 1942-  |4 aut  |9 328168 
245 1 4 |a Die Schwarze Messe  |b Teufelskult und Hexensabbath  |c Helmut Werner 
260 |a Wien  |b Tosa  |c c2008 
300 |a 128 s.  |b ilustr.  |c 23 cm 
650 0 7 |a kulty  |x dejiny  |2 snkph  |9 328169 
650 0 7 |a čarodejníctvo  |2 snkph  |9 3756 
650 0 7 |a čarodejnice  |2 snkph  |9 67372 
655 7 |a prehľady  |2 SNK  |9 70194 
919 |a 978-3-85003-259-9 
958 |a ZS 
999 |c 577486  |d 579416 
952 |a SNK  |b SNK  |y PREZ  |7 0  |p 17A0707775  |o snkSC 146193  |i snk2011/15674  |8 2  |g 6.95  |0 0  |1 0  |4 0  |d 2011-07-08  |f 1  |l 0  |r 2025-07-15 00:00:00  |w 2026-02-23